Sermon hearts, (Record no. 229)
[ view plain ]
| 000 -LEADER | |
|---|---|
| fixed length control field | 00739nam a2200241I 4500 |
| 001 - CONTROL NUMBER | |
| control field | 1432788 |
| 003 - CONTROL NUMBER IDENTIFIER | |
| control field | OCoLC |
| 005 - DATE AND TIME OF LATEST TRANSACTION | |
| control field | 20180809171543.0 |
| 008 - FIXED-LENGTH DATA ELEMENTS--GENERAL INFORMATION | |
| fixed length control field | 750707s1931 xx 000 0 eng u |
| 010 ## - LIBRARY OF CONGRESS CONTROL NUMBER | |
| LC control number | 31017544 |
| 035 01 - SYSTEM CONTROL NUMBER | |
| System control number | 31017544 |
| 040 ## - CATALOGING SOURCE | |
| Transcribing agency | MDY |
| Modifying agency | MAL |
| 050 ## - LIBRARY OF CONGRESS CALL NUMBER | |
| Classification number | BV4223 |
| Item number | .L38 |
| 082 ## - DEWEY DECIMAL CLASSIFICATION NUMBER | |
| Classification number | 251.02 |
| Item number | L434S |
| 092 ## - LOCALLY ASSIGNED DEWEY CALL NUMBER (OCLC) | |
| Classification number | 251.2 |
| Item number | L46s |
| 100 1# - MAIN ENTRY--PERSONAL NAME | |
| Personal name | Leach, William H. |
| Fuller form of name | (William Herman), |
| Dates associated with a name | 1888- |
| 245 10 - TITLE STATEMENT | |
| Title | Sermon hearts, |
| Statement of responsibility, etc. | by William H. Leach. |
| 260 ## - PUBLICATION, DISTRIBUTION, ETC. | |
| Place of publication, distribution, etc. | Nashville, |
| Name of publisher, distributor, etc. | Cokesbury press |
| Date of publication, distribution, etc. | [c1931] |
| 300 ## - PHYSICAL DESCRIPTION | |
| Extent | 320 p. |
| Dimensions | 20 cm. |
| 500 ## - GENERAL NOTE | |
| General note | "The author places within this volume the condensed outlines of one hundred and fifty great sermons by many preachers." |
| 650 #0 - SUBJECT ADDED ENTRY--TOPICAL TERM | |
| Topical term or geographic name entry element | Sermons |
| Form subdivision | Outlines, syllabi, etc. |
| 942 ## - ADDED ENTRY ELEMENTS (KOHA) | |
| Source of classification or shelving scheme | Dewey Decimal Classification |
| Koha item type | Books |
| Withdrawn status | Lost status | Source of classification or shelving scheme | Damaged status | Not for loan | Collection code | Home library | Current library | Shelving location | Date acquired | Full call number | Barcode | Date last seen | Price effective from | Koha item type | Cost, normal purchase price | Total Checkouts |
|---|---|---|---|---|---|---|---|---|---|---|---|---|---|---|---|---|
| Dewey Decimal Classification | Non-fiction | Harvest Mission College | Harvest Mission College | General Stacks | 09.08.2018 | 251 L434S | 002167 | 09.08.2018 | 09.08.2018 | Books | ||||||
| Dewey Decimal Classification | Non-fiction | Harvest Mission College | Harvest Mission College | General Stacks | 21.09.2018 | 251 L434S | 002172 | 21.09.2018 | 21.09.2018 | Books | 350.00 |
